1560 1373 1227 1289 1767 1283 1107 1540 1214 1204 1572 1427 1957 1656 1274 1511 1211 1453 1978 1272 1316 1182 1314 1949 1926 1388 1653 1792 1533 1322 1528 1640 1717 1177 1835 1438 1005 1575 1343 1848 1676 1767 1049 1938 1004 1388 1093 1272 1121 1505 1900 1106 1564 1224 1204 1176 1306 1208 1500 1939 1406 1038 1355 1310 1760 1432 1758 1565 1220 1229 1860 1303 1349 1523 1658 1354 1788 1563 1703 1619 1688 1122 1590 1768 1476 1234 1403 1502 1049 1601 1486 1770 1348 1417 1206 1514 1087 1339 1323 BCNSPRNW ULIB Ver.6.0+V

เปลี่ยนเป็นภาษาไทย

Change to English
 แสดงรายละเอียดบรรณานุกรม
  กลับหน้าหลัก

Brief Record : Get Marc (ISO 2709) : E-mail record : QR code < ปิดหน้าต่าง
LEADER : 00000nam 2200000uu 4500
001    13399123098
003     ULIB
008    140122s2553||||th 000 0 tha d
020    ^a9789741114009
060 04 ^aW84.JT3^bส831ส ล.2
100 0  ^aสุพัตรา ศรีวณิชชากร
245 10 ^aสถานการณ์ ศักยภาพและความพร้อมของไตรภาคีในการพัฒนาระบบสุขภาพชุมชนในพื้นที่ 12 ตำบล /^cเอกสารวิชาการรวบรวมเรียบเรียงโดยสำนักงานวิจัยและพัฒนาระบบสุขภาพชุมชน ; คณะผู้วิจัย, นักวิจัยส่วนกลาง,สุพัตรา ศรีวณิชชากร ... [และคนอื่นๆ]
250    ^aพิมพ์ครั้งที่ 1
260    ^aนครปฐม :^bสำนักงานวิจัยและพัฒนาระบบสุขภาพชุมชนสถาบันพัฒนาสุขภาพอาเซียน มหาวิทยาลัยมหิดล,^c2553
300    ^a112 หน้า ;^c29 ซม.
440  0 ^aหนังสือในชุดรวมผลงานวิจัยของสำนักงานวิจัยและพัฒนาระบบสุขภาพชุมชน(สพช.) พ.ศ. 2550-2552 ;^vเล่มที่ 2
500    ^aผู้ร่วมวิจัย : เกษม เวชสุทธานนท์, วินัย ลีสมิทธิ์, ทัศนีย์ ญาณะ, สิรินาฏนิภาพร, พฤกษา บุกบุญ ; นักวิจัยพื้นที่ : ภัทระ แสนไชยสุริยา, รวีวรรณเผ่ากัณหา, อรอนงค์ ดิเรกบุษราคัม, พงค์เทพ สุธีรวุฒิ
500    ^aSend to Single Search
536    ^aสนับสนุนโดย สำนักงานวิจัยและพัฒนาระบบสุขภาพชุมชน
650  4 ^aระบบสุขภาพ^zไทย^vวิจัย
650  4 ^aสาธารณสุขมูลฐาน^vวิจัย
650  4 ^aวิจัย
700 0  ^aเกษม เวชสุทธานนท์
700 0  ^aวินัย ลีสมิทธิ์
700 0  ^aทัศนีย์ ญาณะ
700 0  ^aสิรินาฏ นิภาพร
700 0  ^aพฤกษา บุกบุญ
700 0  ^aภัทระ แสนไชยสุริยา
700 0  ^aรวีวรรณ เผ่ากัณหา
700 0  ^aอรอนงค์ ดิเรกบุษราคัม
700 0  ^aพงค์เทพ สุธีรวุฒิ
710 2  ^aสำนักงานวิจัยและพัฒนาระบบสุขภาพชุมชน
710 2  ^aมหาวิทยาลัยมหิดล. ^bสถาบันพัฒนาสุขภาพอาเซียน
945    ^p0^l0^i034368
999    ^aเกษร โพธิ์สุวรรณ
รายการนี้ยังไม่มีแท็ก
คุณยังไม่ได้ล็อกอิน คุณสามารถมีกิจกรรมร่วมกับเว็บไซต์ได้ แต่ต้องล็อกอินก่อน ::
  ล็อกอิน

รายการสื่อสารสนเทศ

ลำดับที่ ประเภท เลขเรียก/บาร์โค้ด สถานที่ สถานะ
1. วิทยาศาสตร์การแพทย์ และสุขภาพ
หนังสือสำรอง
สถานะ=หนังสือสำรอง
W84.JT3 ส831ส ล.2  
  Barcode: 034368
ห้องสมุดวิทยาเขตสวรรค์ประชารักษ์
►หนังสือทั่วไป
บนชั้น

รายการใกล้เคียง
    ผู้แต่ง [สุพัตรา ศรีวณิชชากร]

    หัวเรื่อง [วิจัย]

BibComment


ยังไม่เคยถูกคอมเมนท์

คอมเมนท์ทรัพยากรรายการนี้
  คอมเมนท์: สถานการณ์ ศักยภา..


 Copyright 2026. Bcnsprnw @Library